[Event "Hastings Masters 2022/23"]
[Site "Hastings"]
[Date "2023.01.03"]
[Round "7.41"]
[White "Bryant, Harry"]
[Black "Dhanuka Aman"]
[Result "1/2-1/2"]
[WhiteElo "1510"]
[BlackElo "1194"]
[PlyCount "95"]
[EventDate "2022.12.28"]
[EventType "swiss"]
[EventRounds "10"]
[EventCountry "ENG"]

1. e4 c6 2. Nf3 d5 3. Nc3 Nf6 4. exd5 cxd5 5. d4 Nc6 6. Bb5 Bd7 7. Qe2 a6 8.
Bxc6 bxc6 9. Ne5 e6 10. a3 h6 11. f4 Be7 12. O-O O-O 13. Be3 Qc7 14. g4 Nh7 15.
Qg2 Bf6 16. Na4 Bxe5 17. fxe5 f6 18. Bf4 Qd8 19. Nc5 Bc8 20. b4 fxe5 21. Bxe5
Ra7 22. Rxf8+ Qxf8 23. Rf1 Rf7 24. Rxf7 Qxf7 25. h4 Nf8 26. g5 hxg5 27. Qxg5
Qg6 28. Kf1 Qxg5 29. hxg5 Nh7 30. Bf4 Kf7 31. Nd3 Kg6 32. Ne5+ Kf5 33. g6 Nf8
34. Bh6 Kf6 35. Bd2 Bb7 36. Kf2 Nxg6 37. Nxg6 Kxg6 38. Kf3 Kf5 39. Bf4 g5 40.
Be5 Bc8 41. Kg3 Bd7 42. Kf3 Be8 43. Kg3 Bh5 44. Bd6 Bd1 45. c3 Ba4 46. Kf3 Bb5
47. Bg3 Ba4 48. Bd6 1/2-1/2

[Event "Hastings Masters 2022/23"]
[Site "Hastings"]
[Date "2023.01.03"]
[Round "7.42"]
[White "Butt, Laurence"]
[Black "Byrn, Carsten"]
[Result "0-1"]
[WhiteElo "1740"]
[BlackElo "1875"]
[PlyCount "98"]
[EventDate "2022.12.28"]
[EventType "swiss"]
[EventRounds "10"]
[EventCountry "ENG"]

1. d4 Nf6 2. f4 b6 3. Nf3 Bb7 4. e3 c5 5. Bd3 g6 6. O-O Bg7 7. Qe2 d5 8. c3 O-O
9. Nbd2 Nc6 10. Ne5 Nd7 11. Qg4 e6 12. h4 f5 13. Qh3 Nf6 14. Ndf3 Nxe5 15. fxe5
Ne4 16. Bd2 Qc8 17. g4 Ba6 18. Bxa6 Qxa6 19. Rae1 Qd3 20. Bc1 fxg4 21. Qxg4 Rf5
22. Rd1 Qa6 23. Ng5 Nxg5 24. Rxf5 Nh3+ 25. Qxh3 gxf5 26. Qg2 Kh8 27. Qf1 c4 28.
Qf3 Rg8 29. Kf2 Qxa2 30. Rg1 Qa4 31. Qe2 Qe8 32. e4 fxe4 33. Qg4 Qf7+ 34. Ke2
Rf8 35. Bf4 Qg6 36. Ke3 Qxg4 37. Rxg4 Rf5 38. Rg1 Rh5 39. Bg5 Bh6 40. Kf4 Rxh4+
41. Ke3 Bxg5+ 42. Rxg5 Rh6 43. Rg2 Rg6 44. Rf2 Kg7 45. Rh2 Rg3+ 46. Kf4 Rf3+
47. Kg4 Kg6 48. Kh4 Kf5 49. Rg2 e3 0-1

[Event "Hastings Masters 2022/23"]
[Site "Hastings"]
[Date "2023.01.04"]
[Round "8.1"]
[White "Petrov, Martin"]
[Black "Sulskis, Sarunas"]
[Result "1/2-1/2"]
[WhiteElo "2535"]
[BlackElo "2492"]
[PlyCount "81"]
[EventDate "2022.12.28"]
[EventType "swiss"]
[EventRounds "10"]
[EventCountry "ENG"]

1. e4 e5 2. Nf3 Nc6 3. Bc4 Nf6 4. d3 Bc5 5. O-O O-O 6. h3 d6 7. c3 h6 8. b4 Bb6
9. Re1 a5 10. b5 Nb8 11. d4 exd4 12. cxd4 Nxe4 13. Rxe4 d5 14. Bxd5 Qxd5 15.
Nc3 Qc4 16. Qe1 Bf5 17. Rf4 Qe6 18. Ba3 Rd8 19. d5 Qxe1+ 20. Rxe1 Bg6 21. d6
Nd7 22. Nd5 cxd6 23. Ne7+ Kh8 24. Nxg6+ fxg6 25. Re7 Nf6 26. Rxb7 Rab8 27. Rxb8
Rxb8 28. Bxd6 Rc8 29. Ne5 Rc2 30. Nc4 g5 31. Rxf6 Rxc4 32. Rf8+ Kh7 33. g4 Rc2
34. a4 Rc4 35. Be5 Re4 36. Rb8 Rxe5 37. Rxb6 Re4 38. Ra6 Rxa4 39. b6 Rb4 40. b7
Rxb7 41. Rxa5 1/2-1/2

[Event "Hastings Masters 2022/23"]
[Site "Hastings"]
[Date "2023.01.04"]
[Round "8.2"]
[White "Korpa, Bence"]
[Black "Gormally, Daniel W"]
[Result "1-0"]
[WhiteElo "2516"]
[BlackElo "2450"]
[PlyCount "115"]
[EventDate "2022.12.28"]
[EventType "swiss"]
[EventRounds "10"]
[EventCountry "ENG"]

1. Nf3 d5 2. g3 Nf6 3. Bg2 Bg4 4. c4 c6 5. Ne5 Be6 6. cxd5 Bxd5 7. Nf3 Nbd7 8.
O-O e5 9. Nc3 Bxf3 10. Bxf3 Bc5 11. Rb1 O-O 12. b4 Bd4 13. b5 Bxc3 14. bxc6 e4
15. Bg2 Be5 16. cxd7 Qxd7 17. d3 Rfd8 18. Bg5 exd3 19. Qxd3 Qg4 20. Qe3 Bd4 21.
Qf4 Qxe2 22. Bxb7 Rab8 23. Bf3 Qe5 24. Qxe5 Bxe5 25. Be3 a5 26. Rxb8 Rxb8 27.
Rc1 Bd6 28. Rc6 Bb4 29. Ra6 Nd7 30. Bd5 h6 31. Ra7 Rd8 32. Bb3 g5 33. Bd4 Kf8
34. Bc4 Ke7 35. Kg2 g4 36. h3 h5 37. hxg4 hxg4 38. Bb3 f6 39. Bb6 Rb8 40. Bxa5
Bxa5 41. Rxa5 Rb6 42. Kf1 Ne5 43. Ke2 Rc6 44. Rd5 Rc3 45. Rd2 f5 46. Rc2 Rf3
47. Bd5 Rd3 48. Rd2 Ra3 49. Bb3 Kf6 50. Rd5 Nf7 51. Ke3 Ng5 52. Rd6+ Ke7 53.
Rg6 Ne4 54. Re6+ Kd7 55. Re5 Nd6 56. Kf4 Ra8 57. Re2 Ne4 58. Bd5 1-0

[Event "Hastings Masters 2022/23"]
[Site "Hastings"]
[Date "2023.01.04"]
[Round "8.3"]
[White "Korneev, Oleg"]
[Black "Nagy, Gabor"]
[Result "1-0"]
[WhiteElo "2481"]
[BlackElo "2488"]
[PlyCount "51"]
[EventDate "2022.12.28"]
[EventType "swiss"]
[EventRounds "10"]
[EventCountry "ENG"]

1. e4 e5 2. Nf3 Nf6 3. d4 Nxe4 4. Bd3 Nc6 5. dxe5 Nc5 6. Nc3 Nxd3+ 7. Qxd3 d6
8. Bf4 dxe5 9. Qxd8+ Nxd8 10. Bxe5 Ne6 11. O-O-O Bc5 12. Nd4 O-O 13. Nd5 Bxd4
14. Bxd4 Rd8 15. Be5 Rd7 16. Bxc7 b6 17. Bg3 f5 18. Be5 Kf7 19. f4 g6 20. g3
Ba6 21. Nc7 Rxd1+ 22. Rxd1 Nxc7 23. Rd7+ Ke6 24. Rxc7 h6 25. Rc6+ Kf7 26. Rf6+
1-0

[Event "Hastings Masters 2022/23"]
[Site "Hastings"]
[Date "2023.01.04"]
[Round "8.4"]
[White "Edouard, Romain"]
[Black "Chan, Kim Yew"]
[Result "1/2-1/2"]
[WhiteElo "2537"]
[BlackElo "2289"]
[PlyCount "91"]
[EventDate "2022.12.28"]
[EventType "swiss"]
[EventRounds "10"]
[EventCountry "ENG"]

1. c4 c5 2. Nf3 g6 3. d4 cxd4 4. Nxd4 Nc6 5. e4 Nf6 6. Nc3 d6 7. Be2 Nxd4 8.
Qxd4 Bg7 9. Be3 O-O 10. Qd2 Be6 11. Rc1 Qa5 12. f3 Rfc8 13. b3 a6 14. Na4 Qxd2+
15. Kxd2 Nd7 16. g4 f5 17. exf5 gxf5 18. h3 Rf8 19. f4 Rad8 20. Nb6 d5 21. gxf5
d4 22. Bf2 Rxf5 23. Nxd7 Bxd7 24. Bg3 Bh6 25. Rcg1 Kh8 26. Bg4 Bxf4+ 27. Kd1
Rff8 28. Bh4 Bxg4+ 29. Rxg4 Rde8 30. Rhg1 Be3 31. R1g3 Bf2 32. Rg2 Bxh4 33.
Rxh4 e5 34. Re4 Rf1+ 35. Kd2 Ra1 36. Kd3 Rh1 37. h4 Rh3+ 38. Kd2 b5 39. c5 Rc3
40. Rg5 Rxc5 41. Rxd4 Rc6 42. Rd7 Rh6 43. h5 Rhe6 44. Rgg7 Rh6 45. Rg5 Rhe6 46.
Rgg7 1/2-1/2

[Event "Hastings Masters 2022/23"]
[Site "Hastings"]
[Date "2023.01.04"]
[Round "8.5"]
[White "Bazakutsa, Svyatoslav"]
[Black "Clarke, Brandon G I"]
[Result "0-1"]
[WhiteElo "2318"]
[BlackElo "2484"]
[PlyCount "66"]
[EventDate "2022.12.28"]
[EventType "swiss"]
[EventRounds "10"]
[EventCountry "ENG"]

1. c4 Nf6 2. Nc3 g6 3. e4 d6 4. d4 Bg7 5. h3 O-O 6. Be3 Nbd7 7. g4 a6 8. Nge2
b5 9. Ng3 bxc4 10. Bxc4 Rb8 11. Qd2 c5 12. Be2 Qb6 13. dxc5 Nxc5 14. Rb1 Qb7
15. f3 Nfd7 16. b4 Ne6 17. Nd5 Nf6 18. Nb6 Rd8 19. g5 Ne8 20. Kf2 N6c7 21. f4
d5 22. exd5 Nxd5 23. Nxd5 Rxd5 24. Qc1 Qd7 25. Bc4 Bb7 26. Ne4 Rd4 27. Nc5 Qc6
28. Rg1 Qf3+ 29. Ke1 Rxc4 30. Qxc4 Qxe3+ 31. Kf1 Qf3+ 32. Ke1 Bc3+ 33. Qxc3
Qxc3+ 0-1

[Event "Hastings Masters 2022/23"]
[Site "Hastings"]
[Date "2023.01.04"]
[Round "8.6"]
[White "Schimnatkowski, Lukas"]
[Black "Hebden, Mark L"]
[Result "0-1"]
[WhiteElo "2194"]
[BlackElo "2448"]
[PlyCount "84"]
[EventDate "2022.12.28"]
[EventType "swiss"]
[EventRounds "10"]
[EventCountry "ENG"]

1. e4 e5 2. d4 exd4 3. Nf3 Nc6 4. Bc4 Nf6 5. e5 Ne4 6. Bd5 Nc5 7. O-O Be7 8.
Re1 Ne6 9. c3 dxc3 10. Nxc3 O-O 11. Ne4 d6 12. exd6 cxd6 13. Bb3 Nc5 14. Bf4
Bg4 15. Nxd6 Bxd6 16. Bxd6 Bxf3 17. gxf3 Qg5+ 18. Bg3 Rad8 19. f4 Qf5 20. Bc2
Qh3 21. Qb1 Nd4 22. Re3 Rfe8 23. Rxe8+ Rxe8 24. Qf1 Qe6 25. Bd1 Qd5 26. f3 Nce6
27. Qd3 h5 28. Qe4 Qb5 29. Bf2 Rd8 30. Kg2 Qxb2 31. Rb1 Qd2 32. Kg3 h4+ 33. Kg2
Nxf4+ 34. Kf1 b6 35. Qe3 Qxa2 36. Rc1 Qa6+ 37. Kg1 Nde2+ 38. Bxe2 Nxe2+ 39. Kg2
h3+ 40. Kxh3 Nxc1 41. Qxc1 Qc8+ 42. Qxc8 Rxc8 0-1

[Event "Hastings Masters 2022/23"]
[Site "Hastings"]
[Date "2023.01.04"]
[Round "8.7"]
[White "Murphy, Conor E"]
[Black "Walker, Martin G"]
[Result "1-0"]
[WhiteElo "2422"]
[BlackElo "2100"]
[PlyCount "73"]
[EventDate "2022.12.28"]
[EventType "swiss"]
[EventRounds "10"]
[EventCountry "ENG"]

1. d4 Nf6 2. c4 g6 3. Nc3 d5 4. cxd5 Nxd5 5. Bd2 Bg7 6. e4 Nxc3 7. Bxc3 c5 8.
d5 O-O 9. Qd2 Qd6 10. Bxg7 Kxg7 11. f4 e6 12. Bc4 exd5 13. Bxd5 Nc6 14. Ne2 Be6
15. Bxc6 Qxc6 16. f5 gxf5 17. O-O f6 18. exf5 Bc4 19. Rfe1 Bxe2 20. Qxe2 Rae8
21. Qg4+ Kh8 22. Re6 Rxe6 23. fxe6 Re8 24. Re1 Qd5 25. Qe2 Qxa2 26. e7 Qd5 27.
Kh1 Qe5 28. Qd2 Qd4 29. Qh6 Kg8 30. Qh5 Qd7 31. Qxc5 Qd2 32. Qc4+ Kh8 33. Qe6
Kg7 34. h3 Qd4 35. Re4 Qd1+ 36. Kh2 h5 37. Rf4 1-0

[Event "Hastings Masters 2022/23"]
[Site "Hastings"]
[Date "2023.01.04"]
[Round "8.8"]
[White "Kueppers, Timo"]
[Black "Grieve, Harry"]
[Result "0-1"]
[WhiteElo "2249"]
[BlackElo "2438"]
[PlyCount "74"]
[EventDate "2022.12.28"]
[EventType "swiss"]
[EventRounds "10"]
[EventCountry "ENG"]

1. Nf3 d5 2. d4 e6 3. g3 b6 4. Bg2 Bb7 5. O-O Nd7 6. a4 a6 7. c4 dxc4 8. Na3
Bxa3 9. Rxa3 Ngf6 10. Qc2 b5 11. axb5 axb5 12. b3 Nb6 13. Rxa8 Qxa8 14. Bf4 O-O
15. Qb2 Nfd5 16. bxc4 Nxf4 17. gxf4 bxc4 18. Ra1 Qd8 19. e3 Qd6 20. Ra5 Ra8 21.
Qc3 f6 22. Rxa8+ Bxa8 23. Nd2 Bxg2 24. Kxg2 c5 25. dxc5 Qxc5 26. Kg3 Kf7 27.
Qc2 h6 28. Ne4 Qd5 29. Qb1 Na4 30. Qc2 Nc5 31. Nc3 Qh1 32. h3 f5 33. Qe2 Qg1+
34. Kh4 g5+ 35. Kh5 gxf4 36. exf4 Qg6+ 37. Kh4 Qf6+ 0-1

[Event "Hastings Masters 2022/23"]
[Site "Hastings"]
[Date "2023.01.04"]
[Round "8.9"]
[White "Davies, Nigel R"]
[Black "Ledger, Andrew J"]
[Result "0-1"]
[WhiteElo "2398"]
[BlackElo "2314"]
[PlyCount "62"]
[EventDate "2022.12.28"]
[EventType "swiss"]
[EventRounds "10"]
[EventCountry "ENG"]

1. Nf3 Nf6 2. g3 g6 3. Bg2 Bg7 4. O-O c5 5. c4 O-O 6. Nc3 Nc6 7. d4 d6 8. d5
Na5 9. Nd2 e6 10. Qc2 exd5 11. cxd5 Rb8 12. b3 b5 13. Bb2 b4 14. Nd1 Ba6 15.
Nc4 Bxc4 16. bxc4 Re8 17. Re1 Nd7 18. Bxg7 Kxg7 19. Rb1 Ne5 20. Nb2 b3 21. axb3
Rxb3 22. Bh3 Qf6 23. Na4 Rb4 24. Qa2 Nexc4 25. Rbc1 Reb8 26. Rc2 Qd4 27. Bg2
Rb3 28. e3 Qd3 29. Qa1+ Ne5 30. Rc3 Rxc3 31. Nxc3 Nb3 0-1

[Event "Hastings Masters 2022/23"]
[Site "Hastings"]
[Date "2023.01.04"]
[Round "8.10"]
[White "Britton, Richard L"]
[Black "Cherniaev, Alexander"]
[Result "0-1"]
[WhiteElo "2091"]
[BlackElo "2374"]
[PlyCount "138"]
[EventDate "2022.12.28"]
[EventType "swiss"]
[EventRounds "10"]
[EventCountry "ENG"]

1. e4 c5 2. Nf3 Nc6 3. d4 cxd4 4. Nxd4 Nf6 5. Nc3 d6 6. g3 g6 7. Nde2 Bg7 8.
Bg2 O-O 9. O-O Rb8 10. Bg5 h6 11. Bf4 Nd7 12. a4 a6 13. Qc1 Kh7 14. Bd2 b5 15.
axb5 axb5 16. Nd5 b4 17. c3 Nde5 18. Nd4 bxc3 19. bxc3 Bd7 20. Nxc6 Bxc6 21.
Ra7 Bb5 22. c4 Bxc4 23. Ba5 Qe8 24. Rd1 Nc6 25. Rxe7 Nxe7 26. Qxc4 Nxd5 27.
Qxd5 Rb5 28. Qd2 Qb8 29. Bf1 Rb2 30. Qxd6 Qa7 31. Be1 Rc8 32. Qf4 Qe7 33. h4 h5
34. Bh3 Rc7 35. Qf3 Ra7 36. Bd2 Rab7 37. Bg5 Qb4 38. Be3 Rb3 39. Qf4 Qa4 40.
Rd5 R3b4 41. Bg2 Qe8 42. Qf3 Rd7 43. Qd1 Rxd5 44. Qxd5 Rb8 45. Bf3 Rd8 46. Qc4
Qd7 47. Kg2 Kg8 48. Bg5 Rc8 49. Qa2 Bd4 50. Bf4 Qe7 51. Qd5 Qa7 52. e5 Rc2 53.
e6 Rxf2+ 54. Kh3 fxe6 55. Qxe6+ Qf7 56. Qxf7+ Kxf7 57. Be4 Kg7 58. Bb1 Rb2 59.
Be4 Rb5 60. Bd3 Ra5 61. Be4 Be5 62. Bxe5+ Rxe5 63. Bc2 Kf6 64. Bb1 Re3 65. Kg2
g5 66. hxg5+ Kxg5 67. Kf2 Rb3 68. Be4 Kg4 69. Bg6 Rf3+ 0-1

[Event "Hastings Masters 2022/23"]
[Site "Hastings"]
[Date "2023.01.04"]
[Round "8.11"]
[White "Ismail, Mohammed Aayan"]
[Black "Zimmermann, Klemens"]
[Result "1-0"]
[WhiteElo "1963"]
[BlackElo "2247"]
[PlyCount "119"]
[EventDate "2022.12.28"]
[EventType "swiss"]
[EventRounds "10"]
[EventCountry "ENG"]

1. Nf3 d5 2. e3 Nf6 3. b3 g6 4. Bb2 Bg7 5. c4 c6 6. cxd5 cxd5 7. Bb5+ Nbd7 8.
Nc3 O-O 9. d4 a6 10. Be2 b6 11. O-O Bb7 12. a4 Re8 13. Rc1 Rc8 14. Bd3 Rc7 15.
Qe2 Qa8 16. Rc2 Rec8 17. Rfc1 Bf8 18. Ba3 Ne8 19. Na2 Rxc2 20. Rxc2 Rxc2 21.
Qxc2 Qc8 22. Qxc8 Bxc8 23. Kf1 Nb8 24. Nc3 e6 25. Bxf8 Kxf8 26. g4 h6 27. h4
Nc6 28. g5 hxg5 29. hxg5 Nc7 30. Ke2 Ke7 31. Ne5 Nb4 32. Bb1 a5 33. f3 Nca6 34.
Nb5 Nb8 35. Nxf7 Kxf7 36. Nd6+ Kg7 37. Nxc8 Nd7 38. Nd6 Nf8 39. Kd2 Nc6 40. Bd3
Ne7 41. Bb5 Nh7 42. f4 Nf8 43. Kd3 Kg8 44. Be8 Kg7 45. Nb7 Nf5 46. Kd2 Kg8 47.
Bc6 Kf7 48. Kd3 Ke7 49. e4 dxe4+ 50. Kxe4 Ng3+ 51. Ke3 Nf5+ 52. Kd3 Ng3 53. Kc4
Ne2 54. Kb5 Nxd4+ 55. Kxb6 Nxb3 56. Nxa5 Nd2 57. Nb7 e5 58. fxe5 Ne6 59. Bd5
Kd7 60. Nc5+ 1-0

[Event "Hastings Masters 2022/23"]
[Site "Hastings"]
[Date "2023.01.04"]
[Round "8.12"]
[White "Golding, James"]
[Black "Han, Yichen"]
[Result "1-0"]
[WhiteElo "2089"]
[BlackElo "2423"]
[PlyCount "185"]
[EventDate "2022.12.28"]
[EventType "swiss"]
[EventRounds "10"]
[EventCountry "ENG"]

1. d4 d5 2. c4 e6 3. Nc3 a6 4. cxd5 exd5 5. Nf3 h6 6. Bf4 Nf6 7. e3 Bd6 8. Bxd6
Qxd6 9. Bd3 O-O 10. O-O Bg4 11. h3 Bxf3 12. Qxf3 c6 13. Rab1 Nbd7 14. Rfc1 Rac8
15. Na4 b6 16. b3 a5 17. Rc2 Qa3 18. Rbc1 b5 19. Nc5 Nxc5 20. Rxc5 Qxa2 21.
Bxb5 Ne4 22. R5c2 Qxb3 23. Bxc6 Rb8 24. Qd1 a4 25. Ra1 a3 26. Qc1 Rfc8 27. Rxa3
Qb4 28. Ra7 Rd8 29. Raa2 Qd6 30. Ra5 Qe6 31. Qa1 Nxf2 32. Rxf2 Qxc6 33. Ra7 Qg6
34. Qa3 Rf8 35. Rd7 Qg5 36. Qe7 Qh5 37. Qe5 Qd1+ 38. Kh2 Rb1 39. Rdxf7 Rxf7 40.
Qe8+ Kh7 41. Qxf7 Qg1+ 42. Kg3 Rb6 43. Qf5+ Rg6+ 44. Kf3 Qd1+ 45. Kf4 Qc1 46.
g4 Qh1 47. Kg3 Qe1 48. Kh2 Qxe3 49. h4 Qe6 50. Kh3 Kg8 51. h5 Rf6 52. Qxe6+
Rxe6 53. Rf5 Re3+ 54. Kh4 Kh7 55. Rxd5 g5+ 56. hxg6+ Kxg6 57. Rd8 Re4 58. Rd6+
Kg7 59. Kh5 Kf7 60. d5 Rd4 61. Rd7+ Kf6 62. Rd6+ Kg7 63. Rg6+ Kf7 64. d6 Rd1
65. Kxh6 Rh1+ 66. Kg5 Rd1 67. Rf6+ Kg7 68. Re6 Kf7 69. Re7+ Kf8 70. Re6 Kf7 71.
Rg6 Rd2 72. d7 Rxd7 73. Kh6 Rd1 74. Rg7+ Kf8 75. g5 Rd6+ 76. Kh7 Rd1 77. Rg8+
Ke7 78. Kg7 Ke6 79. Rf8 Ke7 80. Rf2 Ke6 81. g6 Rg1 82. Kh7 Rh1+ 83. Kg8 Rh3 84.
g7 Ke7 85. Re2+ Kd6 86. Re4 Kd5 87. Re7 Rf3 88. Kh7 Rh3+ 89. Kg6 Rg3+ 90. Kf7
Rf3+ 91. Ke8 Rg3 92. Kf8 Kd6 93. Rf7 1-0

[Event "Hastings Masters 2022/23"]
[Site "Hastings"]
[Date "2023.01.04"]
[Round "8.13"]
[White "Payne, Matthew J"]
[Black "Lalic, Bogdan"]
[Result "0-1"]
[WhiteElo "2116"]
[BlackElo "2392"]
[PlyCount "50"]
[EventDate "2022.12.28"]
[EventType "swiss"]
[EventRounds "10"]
[EventCountry "ENG"]

1. e4 e5 2. Nf3 Nc6 3. d4 exd4 4. Bc4 Nf6 5. e5 Ng4 6. O-O d6 7. exd6 Qxd6 8.
Nbd2 Be7 9. Ne4 Qg6 10. Re1 Nge5 11. Nxe5 Nxe5 12. Bg5 Nxc4 13. Bxe7 Be6 14.
Qxd4 Kxe7 15. Qc5+ Kd8 16. Rad1+ Kc8 17. Ng5 Nb6 18. Ne4 Kb8 19. Nd6 Bd5 20.
Rxd5 Nxd5 21. Nc4 Qc6 22. Qd4 Re8 23. Ne5 Qd6 24. Qa4 c6 25. Nxc6+ Kc7 0-1

[Event "Hastings Masters 2022/23"]
[Site "Hastings"]
[Date "2023.01.04"]
[Round "8.14"]
[White "Finn, Peter"]
[Black "Golding, Alex"]
[Result "0-1"]
[WhiteElo "2123"]
[BlackElo "2318"]
[PlyCount "78"]
[EventDate "2022.12.28"]
[EventType "swiss"]
[EventRounds "10"]
[EventCountry "ENG"]

1. d4 d5 2. Nf3 Nf6 3. g3 e6 4. Bg2 Be7 5. O-O O-O 6. c4 dxc4 7. Na3 Bxa3 8.
bxa3 b5 9. a4 a6 10. Ba3 Re8 11. Ne5 Nd5 12. e4 Nf6 13. Nxf7 Kxf7 14. e5 c6 15.
exf6 gxf6 16. Qh5+ Kg8 17. g4 Ra7 18. Bd6 Qxd6 19. Qxe8+ Qf8 20. Bxc6 Qxe8 21.
Bxe8 Kf8 22. Bh5 Nc6 23. Rfd1 Rd7 24. g5 fxg5 25. d5 Rxd5 26. Bf3 Rc5 27. Bxc6
Rxc6 28. axb5 axb5 29. Rab1 Ba6 30. Rd7 c3 31. Rc1 b4 32. Rxh7 Rd6 33. Ra7 Be2
34. f4 gxf4 35. a3 Rd2 36. Rc7 Bd3 37. Rd7 c2 38. Rxd3 Rxd3 39. Rxc2 bxa3 0-1

[Event "Hastings Masters 2022/23"]
[Site "Hastings"]
[Date "2023.01.04"]
[Round "8.15"]
[White "Muir, Andrew J"]
[Black "Hryshchenko, Kamila"]
[Result "1-0"]
[WhiteElo "2244"]
[BlackElo "2139"]
[PlyCount "65"]
[EventDate "2022.12.28"]
[EventType "swiss"]
[EventRounds "10"]
[EventCountry "ENG"]

1. d4 g6 2. e4 Bg7 3. c4 d6 4. Nc3 Nf6 5. f3 O-O 6. Bg5 h6 7. Be3 c5 8. d5 e5
9. Qd2 Kh7 10. Bd3 Na6 11. Nge2 Nc7 12. a3 Ng8 13. O-O f5 14. f4 exf4 15. Bxf4
Ne7 16. Ng3 Bd4+ 17. Kh1 g5 18. Bxg5 hxg5 19. Qxg5 Bf6 20. Qh5+ Kg7 21. exf5
Rh8 22. Qg4+ Kf7 23. Nce4 Ne8 24. Rae1 Ng8 25. Nh5 Rh6 26. Rf3 Be5 27. Ng5+ Ke7
28. Ne6 Bxe6 29. fxe6 Ngf6 30. Nxf6 Rxf6 31. Rxf6 Bxf6 32. Qg8 Qc7 33. Bg6 1-0

[Event "Hastings Masters 2022/23"]
[Site "Hastings"]
[Date "2023.01.04"]
[Round "8.16"]
[White "Anand, Batsukh"]
[Black "Brown, Thomas"]
[Result "1-0"]
[WhiteElo "2203"]
[BlackElo "2099"]
[PlyCount "87"]
[EventDate "2022.12.28"]
[EventType "swiss"]
[EventRounds "10"]
[EventCountry "ENG"]

1. Nf3 c5 2. g3 g6 3. Bg2 Bg7 4. O-O Nc6 5. e4 d6 6. c3 e5 7. Qe2 Nge7 8. Rd1
O-O 9. Na3 Re8 10. d3 d5 11. exd5 Nxd5 12. Ng5 Nc7 13. Be3 Qe7 14. Bxc6 bxc6
15. Ne4 Ne6 16. Nc4 f5 17. Ned6 Rd8 18. Nxc8 Raxc8 19. f3 Rd7 20. Bf2 Ng5 21.
Kg2 Rcd8 22. h4 Nf7 23. Na5 Qd6 24. Nb3 c4 25. Nc5 cxd3 26. Rxd3 Qxd3 27. Nxd3
Rxd3 28. Bd4 exd4 29. Qxd3 dxc3 30. Qc4 cxb2 31. Re1 Bf6 32. Qxc6 Kg7 33. Qb7
a5 34. a3 Rd2+ 35. Kh3 Rd3 36. Re2 Rd7 37. Qb3 a4 38. Qb4 Ne5 39. Rxb2 Nxf3 40.
Rf2 g5 41. hxg5 Nxg5+ 42. Kg2 Rd4 43. Qb7+ Kg6 44. Qb5 1-0

[Event "Hastings Masters 2022/23"]
[Site "Hastings"]
[Date "2023.01.04"]
[Round "8.17"]
[White "Byron, Alan M"]
[Black "Waldhausen Gordon, Frederick"]
[Result "1/2-1/2"]
[WhiteElo "2175"]
[BlackElo "2069"]
[PlyCount "82"]
[EventDate "2022.12.28"]
[EventType "swiss"]
[EventRounds "10"]
[EventCountry "ENG"]

1. e4 c5 2. Nf3 g6 3. c3 Nc6 4. Bb5 Bg7 5. O-O Nf6 6. Re1 a6 7. Bxc6 dxc6 8. h3
O-O 9. d4 cxd4 10. cxd4 Qc7 11. Nc3 b5 12. e5 Nd5 13. Nxd5 cxd5 14. Bd2 a5 15.
Rc1 Qb6 16. Rc5 e6 17. Qb3 Bd7 18. Rec1 b4 19. a3 Rfb8 20. axb4 axb4 21. Rc7
Ra7 22. Rxa7 Qxa7 23. Bg5 h6 24. Bf6 Bf8 25. h4 Qa4 26. Qe3 Rc8 27. Rxc8 Bxc8
28. Qc1 Bd7 29. Qc7 Qc6 30. Qxc6 Bxc6 31. Nd2 Bb5 32. f3 Bd3 33. Nb3 Bc4 34.
Nc5 Bxc5 35. dxc5 Kf8 36. Kf2 Ke8 37. Ke3 h5 38. g4 Kd7 39. gxh5 gxh5 40. f4
Kc6 41. Kd4 Bb3 1/2-1/2

[Event "Hastings Masters 2022/23"]
[Site "Hastings"]
[Date "2023.01.04"]
[Round "8.19"]
[White "Royset, Pal"]
[Black "Villiers, Thomas"]
[Result "1/2-1/2"]
[WhiteElo "2058"]
[BlackElo "2141"]
[PlyCount "134"]
[EventDate "2022.12.28"]
[EventType "swiss"]
[EventRounds "10"]
[EventCountry "ENG"]

1. e4 c5 2. Nf3 e6 3. d4 cxd4 4. Nxd4 Nc6 5. Nxc6 bxc6 6. Bd3 d5 7. O-O Bd6 8.
Nd2 Nf6 9. Re1 Qc7 10. h3 O-O 11. c4 Nxe4 12. Bxe4 dxe4 13. Nxe4 Be7 14. Qh5 f6
15. Bd2 e5 16. Bc3 Be6 17. Rac1 Bf7 18. Qe2 Rad8 19. b3 Bg6 20. Qb2 Rd3 21. f3
Rfd8 22. Nf2 Qb6 23. Kf1 Bc5 24. Nxd3 Bxd3+ 25. Re2 Bg1 26. Be1 e4 27. fxe4 Bd4
28. Bc3 Bg1 29. Be1 Qe3 30. Rd1 Bh2 31. Bf2 Qxe4 32. Rxd3 Qxd3 33. Qc2 Qxc2 34.
Rxc2 Bb8 35. b4 a6 36. Bb6 Rd1+ 37. Ke2 Rb1 38. b5 axb5 39. cxb5 Rxb5 40. Rxc6
Kf7 41. Bd4 Ra5 42. Rc2 Ke6 43. Bc5 Bd6 44. Bxd6 Kxd6 45. Kd3 Kd5 46. Kd2 Kd4
47. Rb2 f5 48. Kc2 g5 49. Kd2 Ra3 50. Ke1 h5 51. Kf2 Ra5 52. g3 Ra3 53. Rd2+
Kc4 54. Kg2 Rc3 55. Rf2 Ra3 56. Rxf5 Rxa2+ 57. Kf1 Ra1+ 58. Kf2 Ra2+ 59. Ke1
Ra1+ 60. Kd2 Ra2+ 61. Kc1 Rh2 62. Rxg5 Rxh3 63. Kd2 h4 64. Rg4+ Kd5 65. gxh4
Ke5 66. Ke2 Kf5 67. Ra4 Rb3 1/2-1/2

[Event "Hastings Masters 2022/23"]
[Site "Hastings"]
[Date "2023.01.04"]
[Round "8.20"]
[White "White, Stuart A"]
[Black "Bezuidenhout, Roland"]
[Result "1-0"]
[WhiteElo "2021"]
[BlackElo "2265"]
[PlyCount "85"]
[EventDate "2022.12.28"]
[EventType "swiss"]
[EventRounds "10"]
[EventCountry "ENG"]

1. d4 e6 2. c4 Nf6 3. Nc3 Bb4 4. e3 O-O 5. Bd2 Re8 6. Bd3 Bf8 7. f4 d6 8. Nf3
Nc6 9. e4 e5 10. fxe5 dxe5 11. d5 Nd4 12. Bg5 Bg4 13. Be2 Nxe2 14. Qxe2 h6 15.
Bh4 Bb4 16. Rc1 g5 17. Bf2 Bh5 18. Qd3 Bg6 19. Nd2 Ng4 20. Bg1 f5 21. h3 fxe4
22. Ndxe4 Nf6 23. Nxf6+ Qxf6 24. Qe2 e4 25. Be3 c6 26. a3 Bd6 27. Rf1 Qg7 28.
Qg4 Be5 29. h4 cxd5 30. cxd5 Rac8 31. hxg5 Bxc3+ 32. Rxc3 Rxc3 33. bxc3 Qxc3+
34. Bd2 Qa1+ 35. Ke2 Qe5 36. Rf6 Kh7 37. Qh4 h5 38. Qf4 e3 39. Bxe3 Qb2+ 40.
Kf1 Qxa3 41. Bd4 Re7 42. Rf8 Qa6+ 43. Kg1 1-0

[Event "Hastings Masters 2022/23"]
[Site "Hastings"]
[Date "2023.01.04"]
[Round "8.21"]
[White "Latzke, Boris"]
[Black "Dette, Jan"]
[Result "1/2-1/2"]
[WhiteElo "2194"]
[BlackElo "2037"]
[PlyCount "40"]
[EventDate "2022.12.28"]
[EventType "swiss"]
[EventRounds "10"]
[EventCountry "ENG"]

1. d4 Nf6 2. c4 e6 3. Nf3 d5 4. Nc3 c5 5. cxd5 Nxd5 6. e4 Nxc3 7. bxc3 cxd4 8.
cxd4 Bb4+ 9. Bd2 Bxd2+ 10. Qxd2 O-O 11. Bc4 Nd7 12. O-O b6 13. Rad1 Bb7 14.
Rfe1 Rc8 15. Bd3 Qc7 16. Qg5 h6 17. Qh4 Rfd8 18. Bb1 Qc4 19. Qf4 Qb4 20. h3 Rc4
1/2-1/2

[Event "Hastings Masters 2022/23"]
[Site "Hastings"]
[Date "2023.01.04"]
[Round "8.22"]
[White "Nissinen, Niilo Man"]
[Black "Hutchinson, Paul A"]
[Result "0-1"]
[WhiteElo "1996"]
[BlackElo "2135"]
[PlyCount "122"]
[EventDate "2022.12.28"]
[EventType "swiss"]
[EventRounds "10"]
[EventCountry "ENG"]

1. e4 c6 2. d4 d5 3. Nc3 dxe4 4. Nxe4 Nf6 5. Nxf6+ exf6 6. c3 Bd6 7. Bd3 O-O 8.
Qc2 Re8+ 9. Ne2 h5 10. Be3 Nd7 11. O-O-O Nf8 12. h4 Be6 13. Kb1 b5 14. Nf4 Bxf4
15. Bxf4 Qd5 16. b3 a5 17. Rhe1 a4 18. bxa4 Rxa4 19. c4 Rb4+ 20. Kc1 bxc4 21.
Qc3 Ra4 22. Be4 Qb5 23. Re2 Rea8 24. Qb2 Qa6 25. Rc2 Bd5 26. f3 Ne6 27. Bd6
Rxa2 28. Qxa2 Qxa2 29. Rxa2 Rxa2 30. Bc2 c3 31. Kb1 Rb2+ 32. Kc1 Bb3 33. Bxb3
Rxb3 34. Rd3 Rb2 35. g3 Rd2 36. Rxc3 Rxd4 37. Rxc6 Rd3 38. Ra6 Rxf3 39. Kd2 Kh7
40. Ra4 Rf5 41. Ke3 Rd5 42. Ba3 Rb5 43. Ra7 Kg6 44. Ra4 Nc5 45. Bxc5 Rxc5 46.
Kf3 Rc3+ 47. Kf4 f5 48. Rb4 Rc1 49. Kf3 Rf1+ 50. Kg2 Re1 51. Kf3 Re4 52. Rxe4
fxe4+ 53. Kxe4 Kf6 54. Kf4 g5+ 55. hxg5+ Kg6 56. Kf3 Kxg5 57. Ke3 Kg4 58. Kf2
h4 59. gxh4 Kxh4 60. Kf3 Kg5 61. Ke4 Kg4 0-1